Personal work : (Record no. 4418)
[ view plain ]
| 000 -LEADER | |
|---|---|
| fixed length control field | 00796cam a2200217Ia 4500 |
| 001 - CONTROL NUMBER | |
| control field | 10954111 |
| 003 - CONTROL NUMBER IDENTIFIER | |
| control field | OCoLC |
| 005 - DATE AND TIME OF LATEST TRANSACTION | |
| control field | 20181205170650.0 |
| 008 - FIXED-LENGTH DATA ELEMENTS--GENERAL INFORMATION | |
| fixed length control field | 840716q19601969ilu 000 0 eng d |
| 040 ## - CATALOGING SOURCE | |
| Original cataloging agency | NDD |
| Transcribing agency | NDD |
| Modifying agency | KMA |
| -- | OCLCQ |
| -- | MZN |
| 082 ## - DEWEY DECIMAL CLASSIFICATION NUMBER | |
| Classification number | 243 |
| Item number | T694P |
| 090 ## - LOCALLY ASSIGNED LC-TYPE CALL NUMBER (OCLC); LOCAL CALL NUMBER (RLIN) | |
| Classification number (OCLC) (R) ; Classification number, CALL (RLIN) (NR) | BV4520.U57 |
| Local cutter number (OCLC) ; Book number/undivided call number, CALL (RLIN) | T67 1960 |
| 100 1# - MAIN ENTRY--PERSONAL NAME | |
| Personal name | Torrey, R. A. |
| Fuller form of name | (Reuben Archer), |
| Dates associated with a name | 1856-1928 |
| 240 10 - UNIFORM TITLE | |
| Uniform title | Personal work |
| 245 10 - TITLE STATEMENT | |
| Title | Personal work : |
| Remainder of title | part I of How to work for Christ, a compendium of effective methods / |
| Statement of responsibility, etc. | R.A. Torrey |
| 260 ## - PUBLICATION, DISTRIBUTION, ETC. | |
| Place of publication, distribution, etc. | Wheaton, Ill. : |
| Name of publisher, distributor, etc. | Sword of the Lord Publishers, |
| Date of publication, distribution, etc. | [196-?] |
| 300 ## - PHYSICAL DESCRIPTION | |
| Extent | 179 p. ; |
| Dimensions | 21 cm |
| 500 ## - GENERAL NOTE | |
| General note | "This volume ... is Part I of the author's more comprehensive book ... presented in this form for special use as a textbook"--P. [8] |
| 650 #0 - SUBJECT ADDED ENTRY--TOPICAL TERM | |
| Topical term or geographic name entry element | Evangelistic work |
| 942 ## - ADDED ENTRY ELEMENTS (KOHA) | |
| Source of classification or shelving scheme | Dewey Decimal Classification |
| Koha item type | Books |
| Withdrawn status | Lost status | Source of classification or shelving scheme | Damaged status | Not for loan | Collection code | Home library | Current library | Shelving location | Date acquired | Cost, normal purchase price | Total Checkouts | Full call number | Barcode | Date last seen | Price effective from | Koha item type |
|---|---|---|---|---|---|---|---|---|---|---|---|---|---|---|---|---|
| Dewey Decimal Classification | Not For Loan | Non-fiction | Harvest Mission College | Harvest Mission College | General Stacks | 05.12.2018 | 120.00 | 243 T694P | 005031 | 05.12.2018 | 05.12.2018 | Books |
